Marki ciężarówek w ETS2. - Statystyki

Ogólne statystyki
  • Ten quiz został rozwiązany 179 razy
    74 od ostatniego zresetowania
  • Średni wynik to 6 z 7
Statystyki odpowiedzi
Powodzenia Marka % Poprawnych
💁 Scania
98%
💁 Volvo
95%
💁 Mercedes
94%
💁 DAF
89%
💁 MAN
89%
💁 Renault
83%
💁 Iveco
78%
Nie znaleziono quizów pasujących do podanych kryteriów
Rozkład punktacji
Procent ludzi z każdym wynikiem
Percentyl według liczby udzielonych odpowiedzi
Twoja historia wyników
Nie rozwiązałeś tego quizu od ostatniego zresetowania